000 00642nam a2200241Ia 4500
003 OSt
005 20221007070155.0
006 a|||||r|||| 00| 0
007 ta
008 221006b |||||||| |||| 00| 0 eng d
024 _a39,934
037 _cTextual
040 _aFLL
_cFLL
_beng
041 _2eng
_aeng
082 _aY15:45:Z2, Q3
100 _aPathania Babita Devi
_9687187
245 0 _aDomestic Violence
250 _a1st
260 _aFaridabad
_bNew Era Law Publications India
_c2013
300 _axxii,242p
_ccm.
942 _hY15:45:Z2, Q3
_cTEXL
_2CC
999 _c1139648
_d1139648